1962 The untold story of Indo -China war fought in Arunachal Pradesh border (Record no. 57580)
[ view plain ]
| 000 -LEADER | |
|---|---|
| fixed length control field | 00553nam a2200181Ia 4500 |
| 001 - CONTROL NUMBER | |
| control field | 57675 |
| 008 - FIXED-LENGTH DATA ELEMENTS--GENERAL INFORMATION | |
| fixed length control field | 140603n ii |||gr||||Z||||||465 |
| 020 ## - INTERNATIONAL STANDARD BOOK NUMBER | |
| International Standard Book Number | 978-93-82624-64-6 |
| 082 ## - DEWEY DECIMAL CLASSIFICATION NUMBER | |
| Classification number | 891.413 |
| 245 #0 - TITLE STATEMENT | |
| Title | 1962 The untold story of Indo -China war fought in Arunachal Pradesh border |
| Statement of responsibility, etc. | Mrinal Talukdar |
| Medium | Textual Documents |
| 250 ## - EDITION STATEMENT | |
| Edition statement | 3rd ed. |
| 260 ## - PUBLICATION, DISTRIBUTION, ETC. | |
| Place of publication, distribution, etc. | Guwahati: |
| Name of publisher, distributor, etc. | Nanda Talukdar Foundation., |
| Date of publication, distribution, etc. | 2013. |
| 300 ## - PHYSICAL DESCRIPTION | |
| Extent | 339pg: |
| Dimensions | 23cm. |
| 653 ## - INDEX TERM--UNCONTROLLED | |
| Uncontrolled term | Assamese Fiction |
| 653 ## - INDEX TERM--UNCONTROLLED | |
| Uncontrolled term | China war |
| 700 ## - ADDED ENTRY--PERSONAL NAME | |
| Personal name | Talukdar, Mrinal , |
| Relator term | Author. |
| 942 ## - ADDED ENTRY ELEMENTS (KOHA) | |
| Source of classification or shelving scheme | Dewey Decimal Classification |
| Koha item type | Books |
| Withdrawn status | Lost status | Damaged status | Not for loan | Collection | Home library | Current library | Shelving location | Date acquired | Coded location qualifier | Cost, normal purchase price | Total checkouts | Full call number | Barcode | Date last seen | Date last checked out | Copy number | Price effective from | Koha item type |
|---|---|---|---|---|---|---|---|---|---|---|---|---|---|---|---|---|---|---|
| Dr. Suryya Kumar Bhuyan Library | Dr. Suryya Kumar Bhuyan Library | 03/06/2014 | 00000 | 300.00 | 2 | 891.413 Ta 149 Un | 2970/EL | 25/02/2025 | 06/03/2024 | 1 | 03/06/2014 | Books |
